| 000 | 01234nam a2200325Ia 4500 | ||
|---|---|---|---|
| 003 | OSt | ||
| 005 | 20221007125819.0 | ||
| 006 | a|||||r|||| 00| 0 | ||
| 007 | ta | ||
| 008 | 221006b |||||||| |||| 00| 0 eng d | ||
| 020 | _a9781444337914 (hbd) | ||
| 037 |
_b531, 23/03/2011, Aviva Books Company _cTextbook |
||
| 040 |
_aDGL _cDGL _beng |
||
| 041 |
_2eng _aeng |
||
| 082 | _aH23, Q0 Carg | ||
| 100 |
_aMutti Maria Ed. _9722559 |
||
| 245 | 0 |
_aCarbonate systems during the oligocene-miocene climatic transition _b Betzler Christian Ed. |
|
| 260 |
_aChichester _bWiley-Blackwell _c2010 |
||
| 300 |
_axi, 300p. _ccm. |
||
| 490 | _aSpecial publication number 42 of the international association of sedimentologists | ||
| 500 | _aIncludes bibliographical references.; Index 283-300p. | ||
| 650 |
_a Paleoclimatology-miocene _9722560 |
||
| 650 |
_a Rocks-Carbonate _9722561 |
||
| 650 |
_a Stratigraphic geology _9722562 |
||
| 650 | _aGeology | ||
| 700 |
_a Betzler Christian Ed. _9722563 |
||
| 700 |
_a Piller Werner Ed. _9722564 |
||
| 942 |
_hH23, Q0 Carg _cTB _2CC |
||
| 999 |
_c1215867 _d1215867 |
||